Statistiques concernant Personnage historique n°3

Cliquez ici pour prendre le quiz!

Statistiques générales

  • Ce quiz a été pris 93 fois
  • Le résultat moyen est 6 sur 15

Statistiques - réponses

Réponse% Correct
Marine Le Pen
94%
Wolfgang Amadeus Mozart
85%
Philippe Pétain
83%
Mao Zedong
78%
George H. W. Bush
67%
René Descartes
36%
Dwight D. Eisenhower
28%
Friedrich Nietzsche
27%
Aristote
26%
Jean Racine
15%
Nicolás Maduro
12%
Mary Shelley
9%
Neville Chamberlain
9%
Paul Kagame
6%
Cyril Ramaphosa
2%

Distribution des résultats

Percentile par nombre de réponses

% des personnes avec chaque résultat

Votre développement - résultats

Vous n’avez pas pris ce quiz